Normal view
MARC view
- Martínez, Abundio,
Entry Nombre Personal
001 - NUMERO DE CONTROL
- campo de control: 59195
003 - IDENTIFICADOR DE NUMERO DE CONTROL
- campo de control: MX-MxUPN
005 - FECHA Y HORA DE LA ÜLTIMA TRANSACCIÓN
- campo de control: 20260327115207.0
008 - DATOS DE LONGITUD FIJA
- campo de control de longitud fija: 260327nn acnnnaabn a aaa d
040 ## - FUENTE DE CATALOGACIÓN
- Agencia original de catalogación: MX-MxUPN
- Lenguaje de catalogación: spa
100 1# - ENCABEZAMIENTO - NOMBRE PERSONAL
- Nombre personal: Martínez, Abundio,
- Fechas asociadas con el nombre: 1865-1914
670 ## - FUENTE EN LA QUE SE LOCALIZARON DATOS
- Cita de la fuente: Autoridades LC, 27 marzo 2026 :
- Información localizada: (Martínez, Abundio, 1865-1914)
902 ## - CATALOGADOR
- Catalogador: VíctorGodínez/270326
